000 00309nam a2200109Ia 4500
008 200302s9999 xx 000 0 und d
100 _aRobert H. Connery
245 _aGoverning the City : Challenges and Options for New York
260 _bThe Academy of Political Science
260 _c1969
300 _a230 P.,
999 _c5628
_d5628